000 00772nam a22002297a 4500
999 _c156557
_d156557
005 20180920140924.0
006 a|||||f|||| 00| 0
007 tc
008 180720b xxu||||| |||| 00| 0 eng d
010 _aBR-001752-BR-001759
020 _c104.00(per set)
035 _a BR-001752
037 _bA.I.C.B.
082 _a700
100 _aDas Gupta,Chidananda
245 _aThe Cinema Of Satyajit Ray
_cby Chidananda Das Gupta
260 _aDelhi
_bA.C.I.B.
_cN.D.
270 _aSector-5, Rohini,
_bNew Delhi
_e110085
300 _a4V.,various pages.
_c30cm(HB).
942 _2ddc
_cBRLEN
_h700
_mGUP